000 00292nam a2200109Ia 4500
008 220120s9999||||xx |||||||||||||| ||und||
100 _aArjunahalli, Prasanna
_911832
245 0 _aKaveri Jala Vivada
260 _aBananchu
_bNew Delhi
_c2018
300 _a306p.;28cm
_b240
650 _aMATHEMATICS
999 _c137369
_d137369